01074nam a22002297a 45000010005000000030006000050050017000110080041000280200018000690400029000870820010001161000019001262450075001452500041002202600044002613000050003054900023003555200270003786500085006486500076007337000035008099766FISKH20260212144137.0260212b cb ||||| |||| 00| 0 eng d a9780237518820 aFISKHbengcFISKHdFISKH a372.9 aGardner , Faye aSchool life in grandma's day / cBy Faye Gardner with Anne Richardson  aFirst published in paperback in 1998 aLondon : bEvan Brothers Ltd , c1997 . a30 pages : bcolor illustrations ; c25 cm .  aIn Grandma’s Day aEach of the books in this series present 20th-century history for the very young through a personal account of a real life Grandma's experiences in the 1930s, 1940s and 1950s. Each story is a first-person narrative and this text covers school life in grandma's day. aEducation , Elementary-Great Britain- History-20th CenturyvJuvenile Literature  aGreat Britain - Social Conditions - 20 th CenturyvJuvenile Literature  aLafford , StuarteIllustrator